Child & adolescent development : (Record no. 288738)
[ view plain ]
| 000 -LEADER | |
|---|---|
| fixed length control field | 01002cam a2200301 a 4500 |
| 001 - CONTROL NUMBER | |
| control field | SSB026115 |
| 003 - CONTROL NUMBER IDENTIFIER | |
| control field | PILC |
| 005 - DATE AND TIME OF LATEST TRANSACTION | |
| control field | 20160317144949.0 |
| 008 - FIXED-LENGTH DATA ELEMENTS--GENERAL INFORMATION | |
| fixed length control field | 100803s2012 at a b 001 0 eng |
| 010 ## - LIBRARY OF CONGRESS CONTROL NUMBER | |
| LC control number | 2010934027 |
| 020 ## - INTERNATIONAL STANDARD BOOK NUMBER | |
| International Standard Book Number | 9789814653312 |
| 035 ## - SYSTEM CONTROL NUMBER | |
| System control number | (OCoLC)ocn769899661 |
| 040 ## - CATALOGING SOURCE | |
| Original cataloging agency | AU@ |
| Language of cataloging | eng |
| Transcribing agency | AU@ |
| Modifying agency | F4W |
| -- | DLC |
| 042 ## - AUTHENTICATION CODE | |
| Authentication code | anuc |
| -- | lccopycat |
| 050 00 - LIBRARY OF CONGRESS CALL NUMBER | |
| Classification number | BF 721 |
| Item number | .B556 2015 |
| 100 1# - MAIN ENTRY--PERSONAL NAME | |
| Personal name | Bjorklund, David F., |
| Dates associated with a name | 1949- |
| 245 10 - TITLE STATEMENT | |
| Title | Child & adolescent development : |
| Remainder of title | an integrated approach / |
| Statement of responsibility, etc | David F. Bjorklund, Carlos Hernandez Blasi. |
| 260 ## - PUBLICATION, DISTRIBUTION, ETC. (IMPRINT) | |
| Place of publication, distribution, etc | Australia ; |
| -- | Belmont, CA : |
| Name of publisher, distributor, etc | Wadsworth Cengage Learning, |
| Date of publication, distribution, etc | 2012. |
| 300 ## - PHYSICAL DESCRIPTION | |
| Extent | xxv, 768 pages : |
| Other physical details | illustrations ; |
| Dimensions | 29 cm. |
| 500 ## - GENERAL NOTE | |
| General note | Includes bibliographical references and indexes. |
| 650 #0 - SUBJECT ADDED ENTRY--TOPICAL TERM | |
| Topical term or geographic name as entry element | Child psychology. |
| 650 #0 - SUBJECT ADDED ENTRY--TOPICAL TERM | |
| Topical term or geographic name as entry element | Child development. |
| 650 #0 - SUBJECT ADDED ENTRY--TOPICAL TERM | |
| Topical term or geographic name as entry element | Adolescent psychology. |
| 650 #0 - SUBJECT ADDED ENTRY--TOPICAL TERM | |
| Topical term or geographic name as entry element | Adolescence. |
| 700 1# - ADDED ENTRY--PERSONAL NAME | |
| Personal name | Hernandez Blasi, Carlos. |
| 740 30 - ADDED ENTRY--UNCONTROLLED RELATED/ANALYTICAL TITLE | |
| Uncontrolled related/analytical title | Child and adolescent development. |
| 942 ## - ADDED ENTRY ELEMENTS (KOHA) | |
| Source of classification or shelving scheme | Library of Congress Classification |
| Koha item type | Books |
| Call number prefix | Foreign |
| Withdrawn status | Lost status | Source of classification or shelving scheme | Damaged status | Home library | Current library | Shelving location | Date acquired | Source of acquisition | Sub Shelving location | Total Checkouts | Total Renewals | Full call number | Barcode | Date last seen | Date checked out | Price effective from | Koha item type |
|---|---|---|---|---|---|---|---|---|---|---|---|---|---|---|---|---|---|
| Library of Congress Classification | College Library | College Library | Reserve Section | 09/24/2015 | Library Fund | 4 | 8 | BF 721 .B556 2015 | C20062 | 06/19/2020 | 07/20/2019 | 09/24/2015 | Books |